EL DESAFIO DE LOS POBRES A LA IGLESIA /

INCLUYE BIBLIOGRAFIA

Guardado en:
書目詳細資料
主要作者: Santa Ana, Julio de (autor)
格式: 圖書
版:2a edición
叢編:TESTIMONIOS
主題:
標簽: 添加標簽
沒有標簽, 成為第一個標記此記錄!

MARC

LEADER 00000nam^a2200000^a^4500
001 000231237
005 20250521000000.0
009 20260310104509.796
035 |a 051873 
037 |a Acervo Xavier Clavigero 
082 |a 261. 83456  |b SAN 
100 |a Santa Ana, Julio de  |e (autor) 
245 1 3 |a EL DESAFIO DE LOS POBRES A LA IGLESIA /  |c JULIO DE SANTA ANA 
250 |a 2a edición 
264 |a SAN JOSE :  |b DEI,  |c 1985 
300 |a 141p. 
336 |a texto  |b txt  |2 rdacontenido 
337 |a sin mediación  |b n  |2 rdamedio 
338 |a volumen  |b nc  |2 rdasoporte 
440 |a TESTIMONIOS 
520 |a INCLUYE BIBLIOGRAFIA 
649 |a XX 
650 |a Iglesia y Problemas Sociales 
650 |a Pobreza 
910 |a Fondo General 
920 |a Impresos - Libros 
930 |a Colección General 
905 |a 101 
901 |a 051873  |b IT1  |c ACC  |i 051873  |u 20250521 
902 |a https://opac.biblio.iteso.mx/vufind/Record/000231237